| 000 | 00445nam a2200193Ia 4500 | ||
|---|---|---|---|
| 005 | 20240823023814.0 | ||
| 008 | 240823s9999||||xx |||||||||||||| ||und|| | ||
| 020 | _a0-19-567806-0 | ||
| 041 | _aENGLISH | ||
| 082 | _A823 P7 | ||
| 100 | _a"Escott,John" | ||
| 245 | 4 | _aThe Railway Children | |
| 250 | _aIst | ||
| 260 |
_c2007 _bOxford University _aNew Delhi |
||
| 500 | _aYES | ||
| 650 |
_aStory _bGeneral |
||
| 942 | _cBK | ||
| 999 |
_c182422 _d182422 |
||